| 000 | 01404nam a22003617a 4500 | ||
|---|---|---|---|
| 003 | CHAP | ||
| 005 | 20220329143354.0 | ||
| 008 | 090115s2008 mx a r 00010 spa d | ||
| 010 | _a95656 | ||
| 011 | _a96628 | ||
| 035 | _a107284 | ||
| 040 | _cCHAP | ||
| 090 | _aTesis | ||
| 100 | 1 |
_aJiménez Sánchez, Severo. _961654 |
|
| 245 | 1 | 0 |
_aProyecto para la instalación y operación de un centro de acopio, beneficio y comercialización de hoja de maíz en el municipio de Francisco Z. Mena, Puebla _c/por Jiménez Sánchez Severo y Salinas Sánchez Ignacio |
| 260 |
_aChapingo, Méx. : _bEl autor, _c2008 |
||
| 300 | _aviii, 110 h. | ||
| 502 | _aTesis (Ing. Agroindustrial) -- UACH. Departamento de Ingenieria Agroindustrial | ||
| 590 |
_aALEPH _b10 _c20130110 _lUCH01 _h1525 |
||
| 590 |
_aBATCH-UPD _b10 _c20130110 _lUCH01 _h0609 |
||
| 590 |
_aBATCH-UPD _b10 _c20130410 _lUCH01 _h0251 |
||
| 590 |
_aBATCH-UPD _b10 _c20130914 _lUCH01 _h1704 |
||
| 590 |
_aCONVERSION _b10 _c20130109 _lUCH01 _h1353 |
||
| 650 | 1 | 4 |
_aMaíz _xHojas. _970975 |
| 650 | 1 | 4 |
_aMaíz _xSubproductos. _971064 |
| 650 | 1 | 4 |
_aProductos agrícolas _xMercados. _992000 |
| 650 | 1 | 4 |
_aProyectos _xEvaluación. _992525 |
| 700 | 1 |
_aSalinas Sánchez, Ignacio. _9101709 |
|
| 901 | _aBK | ||
| 942 | _cFOLL | ||
| 949 |
_aTesis _bBC _cTES _d33724002080017 _eTS1 _h48473 _i107284 _sb |
||
| 949 |
_aTesus _bBC _cTES _d33724002080785 _eTS2 _fc..2 _h48474 _i107284 _si |
||
| 999 |
_c95656 _d95656 |
||